Statystyki dla Europa

Kliknij tutaj aby rozwiązać quiz!

Ogólne statystyki

  • Ten quiz został rozwiązany 358 razy
  • Średni wynik to 10 z 15

Statystyki odpowiedzi

PytaniaOdpowiedzi% Poprawnych
Graniczy tylko z Hiszpanią*Portugalia
100%
Stolicą tego państwa jest RygaŁotwa
90%
Wyspiarskie państwo na Morzu Śródziemnym**Malta
83%
W tym państwie znajduje się np: Marsylia i NiceaFrancja
80%
Stolicą tego państwa jest VaduzLiechtenstein
74%
Państwo na Oceanie Atlantyckim bez sąsiada lądowegoIslandia
71%
Najdłuższa rzeka EuropyWołga
70%
Miasto w Turcji leżące na 2 kontynentachStambuł
66%
Góry, w których znajduje się Mont BlancAlpy
65%
W państwie tym znajduje się Zagłębie RuhryNiemcy
62%
Największa wyspa na Morzu ŚródziemnymSycylia
60%
Półwysep, na którym leży np: NorwegiaPółwysep Skandynawski
52%
Państwo formalnie nie posiadające stolicySzwajcaria
48%
Enklawa Rosji nad Morzem BałtyckimObwód Kaliningradzki
43%
Kraina geograficzna w północnej Azji i Europie, wchodząca w skład RosjiSyberia
38%

Rozkład punktacji

Percentyl według liczby udzielonych odpowiedzi

Procent ludzi z każdym wynikiem

Twoja historia wyników

Nie rozwiązałeś tego quizu